Culture Générale en 10 courtes vidéos #10 - Statistiques

Statistiques générales
  • Ce quiz a été pris 83 fois
  • Le résultat moyen est 5 sur 10
Statistiques - réponses
Vidéo Question Réponse % Correct
Trouve la marque commerciale correspondant à cet extrait de publicité Carglass
91%
Passage culte des jeux TV : Quelle réponse ce candidat trouve t-il après plusieurs tentatives sur les questions précédentes ? c'est la Mer Noire
74%
Série TV où les personnages dansent : _ _ , _ _ _ , _ _ _ _ Un dos tres
57%
Ici, Alizée chante : "J'en ai _______ !" Marre
53%
Cocktail en deux mots, principalement à base de vodka et de jus de tomate, pimenté et épicé. Dans le folklore anglo-saxon, c'est aussi un fantôme (ou sorcière) qui apparaît dans un miroir quand son nom est prononcé trois fois. Bloody Mary
49%
Sport en 7 lettres (autre que Billard) Snooker
49%
Perchiste en 5 lettres qui a détenu le record du monde (ici à Donetsk en 1993) Bubka
41%
Quelle blessure en 4 mots est montré en animation ? Entorse de la cheville
29%
Cite un des 3 noms de casinos de Las Vegas ciblés pour les braquages en simultané dans le film Ocean's Eleven Bellagio Mirage MGM (Grand)
20%
Ville d'Océanie victime d'une série de tremblement de Terre en 2011 (la plus meurtrière du 22 Février faisant 185 morts) Christchurch
5%
Aucun quiz correspondant
Distribution des résultats
% des personnes avec chaque résultat
Percentile par nombre de réponses
Votre historique - résultats
Vous n’avez pas pris ce quiz